<?xml version="1.0" encoding="UTF-8"?>
<collection xmlns="http://www.loc.gov/MARC21/slim">
 <record>
  <leader>04185cam a2200877   4500</leader>
  <controlfield tag="001">016532570</controlfield>
  <controlfield tag="003">DE-627</controlfield>
  <controlfield tag="005">20221216083008.0</controlfield>
  <controlfield tag="007">tu</controlfield>
  <controlfield tag="008">860108s1985    gw ||||| c    00| ||ger c</controlfield>
  <datafield tag="015" ind1=" " ind2=" ">
   <subfield code="a">85,N24,0306</subfield>
   <subfield code="2">dnb</subfield>
  </datafield>
  <datafield tag="015" ind1=" " ind2=" ">
   <subfield code="a">85,A44,0495</subfield>
   <subfield code="2">dnb</subfield>
  </datafield>
  <datafield tag="016" ind1="7" ind2=" ">
   <subfield code="a">850531470</subfield>
   <subfield code="2">DE-101</subfield>
  </datafield>
  <datafield tag="020" ind1=" " ind2=" ">
   <subfield code="a">3791709623</subfield>
   <subfield code="9">3-7917-0962-3</subfield>
  </datafield>
  <datafield tag="035" ind1=" " ind2=" ">
   <subfield code="a">(DE-627)016532570</subfield>
  </datafield>
  <datafield tag="035" ind1=" " ind2=" ">
   <subfield code="a">(DE-576)012090506</subfield>
  </datafield>
  <datafield tag="035" ind1=" " ind2=" ">
   <subfield code="a">(DE-599)GBV016532570</subfield>
  </datafield>
  <datafield tag="035" ind1=" " ind2=" ">
   <subfield code="a">(OCoLC)16352213</subfield>
  </datafield>
  <datafield tag="035" ind1=" " ind2=" ">
   <subfield code="a">(OCoLC)257048940</subfield>
  </datafield>
  <datafield tag="035" ind1=" " ind2=" ">
   <subfield code="a">(OCoLC)720900918</subfield>
  </datafield>
  <datafield tag="040" ind1=" " ind2=" ">
   <subfield code="a">DE-627</subfield>
   <subfield code="b">ger</subfield>
   <subfield code="c">DE-627</subfield>
   <subfield code="e">rakwb</subfield>
  </datafield>
  <datafield tag="041" ind1=" " ind2=" ">
   <subfield code="a">ger</subfield>
  </datafield>
  <datafield tag="044" ind1=" " ind2=" ">
   <subfield code="c">XA-DE</subfield>
   <subfield code="c">XA-DE-BY</subfield>
  </datafield>
  <datafield tag="082" ind1="0" ind2=" ">
   <subfield code="a">725.11</subfield>
   <subfield code="q">OCLC</subfield>
  </datafield>
  <datafield tag="084" ind1=" " ind2=" ">
   <subfield code="a">46</subfield>
   <subfield code="a">45</subfield>
   <subfield code="2">sdnb</subfield>
  </datafield>
  <datafield tag="084" ind1=" " ind2=" ">
   <subfield code="a">9,10</subfield>
   <subfield code="2">ssgn</subfield>
  </datafield>
  <datafield tag="084" ind1=" " ind2=" ">
   <subfield code="a">LK 15095</subfield>
   <subfield code="2">rvk</subfield>
   <subfield code="0">(DE-625)rvk/97594:13316</subfield>
  </datafield>
  <datafield tag="084" ind1=" " ind2=" ">
   <subfield code="a">LI 42700</subfield>
   <subfield code="2">rvk</subfield>
   <subfield code="0">(DE-625)rvk/96275:</subfield>
  </datafield>
  <datafield tag="084" ind1=" " ind2=" ">
   <subfield code="a">ZH 4800</subfield>
   <subfield code="2">rvk</subfield>
   <subfield code="0">(DE-625)rvk/156166:</subfield>
  </datafield>
  <datafield tag="084" ind1=" " ind2=" ">
   <subfield code="a">56.63</subfield>
   <subfield code="2">bkl</subfield>
  </datafield>
  <datafield tag="245" ind1="1" ind2="0">
   <subfield code="a">Elias Holl und das Augsburger Rathaus</subfield>
   <subfield code="b">[eine Ausstellung der Stadt Augsburg, Stadtarchiv]</subfield>
   <subfield code="c">Hrsg. Wolfram Baer ...</subfield>
  </datafield>
  <datafield tag="264" ind1=" " ind2="1">
   <subfield code="a">Regensburg</subfield>
   <subfield code="b">Pustet</subfield>
   <subfield code="c">1985</subfield>
  </datafield>
  <datafield tag="300" ind1=" " ind2=" ">
   <subfield code="a">399 S.</subfield>
   <subfield code="b">überw. Ill.</subfield>
   <subfield code="c">24 x 20 cm</subfield>
  </datafield>
  <datafield tag="336" ind1=" " ind2=" ">
   <subfield code="a">Text</subfield>
   <subfield code="b">txt</subfield>
   <subfield code="2">rdacontent</subfield>
  </datafield>
  <datafield tag="336" ind1=" " ind2=" ">
   <subfield code="a">unbewegtes Bild</subfield>
   <subfield code="b">sti</subfield>
   <subfield code="2">rdacontent</subfield>
  </datafield>
  <datafield tag="337" ind1=" " ind2=" ">
   <subfield code="a">ohne Hilfsmittel zu benutzen</subfield>
   <subfield code="b">n</subfield>
   <subfield code="2">rdamedia</subfield>
  </datafield>
  <datafield tag="338" ind1=" " ind2=" ">
   <subfield code="a">Band</subfield>
   <subfield code="b">nc</subfield>
   <subfield code="2">rdacarrier</subfield>
  </datafield>
  <datafield tag="500" ind1=" " ind2=" ">
   <subfield code="a">Literaturangaben. - Literaturverz. S. 386 - 387</subfield>
  </datafield>
  <datafield tag="650" ind1=" " ind2="4">
   <subfield code="a">Holl, Elias / Ausstellung</subfield>
  </datafield>
  <datafield tag="650" ind1=" " ind2="4">
   <subfield code="a">Augsburg / P.h. Kunstausstellungen</subfield>
  </datafield>
  <datafield tag="650" ind1=" " ind2="4">
   <subfield code="a">Augsburg / R.b. Architektur, Bautechnik</subfield>
  </datafield>
  <datafield tag="650" ind1=" " ind2="4">
   <subfield code="a">Rathaus / Ausstellung</subfield>
  </datafield>
  <datafield tag="655" ind1=" " ind2="7">
   <subfield code="a">Ausstellungskatalog</subfield>
   <subfield code="x">Stadtarchiv Augsburg</subfield>
   <subfield code="y">1985</subfield>
   <subfield code="z">Augsburg</subfield>
   <subfield code="0">(DE-588)4135467-9</subfield>
   <subfield code="0">(DE-627)10566491X</subfield>
   <subfield code="0">(DE-576)209660988</subfield>
   <subfield code="2">gnd-content</subfield>
  </datafield>
  <datafield tag="689" ind1="0" ind2="0">
   <subfield code="d">p</subfield>
   <subfield code="0">(DE-588)118706462</subfield>
   <subfield code="0">(DE-627)079488153</subfield>
   <subfield code="0">(DE-576)209317647</subfield>
   <subfield code="a">Holl, Elias</subfield>
   <subfield code="d">1573-1646</subfield>
   <subfield code="2">gnd</subfield>
  </datafield>
  <datafield tag="689" ind1="0" ind2=" ">
   <subfield code="5">(DE-627)</subfield>
  </datafield>
  <datafield tag="689" ind1="1" ind2="0">
   <subfield code="d">g</subfield>
   <subfield code="0">(DE-588)4068969-4</subfield>
   <subfield code="0">(DE-627)104263016</subfield>
   <subfield code="0">(DE-576)209175281</subfield>
   <subfield code="a">Rathaus Augsburg</subfield>
   <subfield code="g">Augsburg</subfield>
   <subfield code="2">gnd</subfield>
  </datafield>
  <datafield tag="689" ind1="1" ind2=" ">
   <subfield code="5">(DE-627)</subfield>
  </datafield>
  <datafield tag="689" ind1="2" ind2="0">
   <subfield code="d">p</subfield>
   <subfield code="0">(DE-588)118706462</subfield>
   <subfield code="0">(DE-627)079488153</subfield>
   <subfield code="0">(DE-576)209317647</subfield>
   <subfield code="a">Holl, Elias</subfield>
   <subfield code="d">1573-1646</subfield>
   <subfield code="2">gnd</subfield>
  </datafield>
  <datafield tag="689" ind1="2" ind2="1">
   <subfield code="d">g</subfield>
   <subfield code="0">(DE-588)4003614-5</subfield>
   <subfield code="0">(DE-627)106389114</subfield>
   <subfield code="0">(DE-576)208852174</subfield>
   <subfield code="a">Augsburg</subfield>
   <subfield code="2">gnd</subfield>
  </datafield>
  <datafield tag="689" ind1="2" ind2="2">
   <subfield code="d">s</subfield>
   <subfield code="0">(DE-588)4002851-3</subfield>
   <subfield code="0">(DE-627)104280352</subfield>
   <subfield code="0">(DE-576)208848975</subfield>
   <subfield code="a">Architektur</subfield>
   <subfield code="2">gnd</subfield>
  </datafield>
  <datafield tag="689" ind1="2" ind2=" ">
   <subfield code="5">(DE-627)</subfield>
  </datafield>
  <datafield tag="689" ind1="3" ind2="0">
   <subfield code="d">b</subfield>
   <subfield code="0">(DE-588)10938-1</subfield>
   <subfield code="0">(DE-627)100324460</subfield>
   <subfield code="0">(DE-576)190210796</subfield>
   <subfield code="a">Stadtarchiv Augsburg</subfield>
   <subfield code="2">gnd</subfield>
  </datafield>
  <datafield tag="689" ind1="3" ind2="1">
   <subfield code="d">s</subfield>
   <subfield code="0">(DE-588)4176999-5</subfield>
   <subfield code="0">(DE-627)105351946</subfield>
   <subfield code="0">(DE-576)20997446X</subfield>
   <subfield code="a">Rathaus</subfield>
   <subfield code="2">gnd</subfield>
  </datafield>
  <datafield tag="689" ind1="3" ind2=" ">
   <subfield code="5">(DE-627)</subfield>
  </datafield>
  <datafield tag="700" ind1="1" ind2=" ">
   <subfield code="a">Baer, Wolfram</subfield>
   <subfield code="d">1934-2013</subfield>
   <subfield code="e">Hrsg.</subfield>
   <subfield code="0">(DE-588)171962907</subfield>
   <subfield code="0">(DE-627)696857464</subfield>
   <subfield code="0">(DE-576)132840235</subfield>
   <subfield code="4">edt</subfield>
  </datafield>
  <datafield tag="700" ind1="1" ind2=" ">
   <subfield code="a">Holl, Elias</subfield>
   <subfield code="d">1573-1646</subfield>
   <subfield code="e">Ill.</subfield>
   <subfield code="0">(DE-588)118706462</subfield>
   <subfield code="0">(DE-627)079488153</subfield>
   <subfield code="0">(DE-576)209317647</subfield>
   <subfield code="4">ill</subfield>
  </datafield>
  <datafield tag="710" ind1="2" ind2=" ">
   <subfield code="a">Stadtarchiv Augsburg</subfield>
   <subfield code="0">(DE-588)10938-1</subfield>
   <subfield code="0">(DE-627)100324460</subfield>
   <subfield code="0">(DE-576)190210796</subfield>
   <subfield code="4">oth</subfield>
  </datafield>
  <datafield tag="787" ind1="0" ind2="8">
   <subfield code="i">Rezensiert in</subfield>
   <subfield code="a">Schock-Werner, Barbara, 1947 - </subfield>
   <subfield code="t">[Rezension von: Wolfram Baer (Hrsg.), Elias Holl und das Augsburger Rathaus]</subfield>
   <subfield code="d">Braubach : Deutsche Burgenvereinigung, 1992</subfield>
   <subfield code="w">(DE-627)1700763016</subfield>
  </datafield>
  <datafield tag="856" ind1="4" ind2="2">
   <subfield code="u">https://www.gbv.de/dms/tib-ub-hannover/016532570.pdf</subfield>
   <subfield code="m">V:DE-601</subfield>
   <subfield code="m">B:DE-89</subfield>
   <subfield code="q">pdf/application</subfield>
   <subfield code="3">Inhaltsverzeichnis</subfield>
  </datafield>
  <datafield tag="889" ind1=" " ind2=" ">
   <subfield code="w">(DE-627)075057514</subfield>
  </datafield>
  <datafield tag="935" ind1=" " ind2=" ">
   <subfield code="a">BGTS</subfield>
  </datafield>
  <datafield tag="935" ind1=" " ind2=" ">
   <subfield code="i">Blocktest</subfield>
  </datafield>
  <datafield tag="936" ind1="r" ind2="v">
   <subfield code="a">LK 15095</subfield>
   <subfield code="b">Rathäuser</subfield>
   <subfield code="k">Kunst nach Ländern bzw. Kontinenten</subfield>
   <subfield code="k">Deutschland</subfield>
   <subfield code="k">Kunsttopografie Deutschlands</subfield>
   <subfield code="k">Orte Deutschlands</subfield>
   <subfield code="k">Orte A</subfield>
   <subfield code="k">Augsburg</subfield>
   <subfield code="k">Rathäuser</subfield>
   <subfield code="0">(DE-627)1272509001</subfield>
   <subfield code="0">(DE-625)rvk/97594:13316</subfield>
   <subfield code="0">(DE-576)202509001</subfield>
  </datafield>
  <datafield tag="936" ind1="r" ind2="v">
   <subfield code="a">LI 42700</subfield>
   <subfield code="b">Holl, Elias</subfield>
   <subfield code="k">Künstler-Monografien</subfield>
   <subfield code="k">Alphabetische Künstlerliste</subfield>
   <subfield code="k">Künstler H</subfield>
   <subfield code="k">Holl, Elias</subfield>
   <subfield code="0">(DE-627)1271133601</subfield>
   <subfield code="0">(DE-625)rvk/96275:</subfield>
   <subfield code="0">(DE-576)201133601</subfield>
  </datafield>
  <datafield tag="936" ind1="r" ind2="v">
   <subfield code="a">ZH 4800</subfield>
   <subfield code="b">Leben und Werk einzelner Architekten (CSN des Namens)</subfield>
   <subfield code="k">Architektur</subfield>
   <subfield code="k">Baugeschichte</subfield>
   <subfield code="k">Leben und Werk einzelner Architekten (CSN des Namens)</subfield>
   <subfield code="0">(DE-627)1270650939</subfield>
   <subfield code="0">(DE-625)rvk/156166:</subfield>
   <subfield code="0">(DE-576)200650939</subfield>
  </datafield>
  <datafield tag="936" ind1="b" ind2="k">
   <subfield code="a">56.63</subfield>
   <subfield code="j">Architekten</subfield>
   <subfield code="j">Baumeister</subfield>
   <subfield code="0">(DE-627)106403842</subfield>
  </datafield>
  <datafield tag="951" ind1=" " ind2=" ">
   <subfield code="a">BO</subfield>
  </datafield>
  <datafield tag="990" ind1=" " ind2=" ">
   <subfield code="a">Holl, Elias</subfield>
  </datafield>
  <datafield tag="990" ind1=" " ind2=" ">
   <subfield code="a">Rathaus Augsburg</subfield>
  </datafield>
  <datafield tag="990" ind1=" " ind2=" ">
   <subfield code="a">Holl, Elias</subfield>
  </datafield>
  <datafield tag="990" ind1=" " ind2=" ">
   <subfield code="a">Augsburg</subfield>
  </datafield>
  <datafield tag="990" ind1=" " ind2=" ">
   <subfield code="a">Architektur</subfield>
  </datafield>
  <datafield tag="990" ind1=" " ind2=" ">
   <subfield code="a">Stadtarchiv Augsburg</subfield>
  </datafield>
  <datafield tag="990" ind1=" " ind2=" ">
   <subfield code="a">Rathaus</subfield>
  </datafield>
  <datafield tag="991" ind1=" " ind2=" ">
   <subfield code="a">Rezensiertes Werk</subfield>
  </datafield>
  <datafield tag="999" ind1=" " ind2=" ">
   <subfield code="a">KXP-PPN016532570</subfield>
   <subfield code="e">4185153945</subfield>
  </datafield>
 </record>
</collection>
